علم و فن / (Record no. 194289)

MARC details
000 -LEADER
fixed length control field 00639nam a22001937a 4500
005 - DATE AND TIME OF LATEST TRANSACTION
control field 20221213162612.0
010 ## - LCCN (DPL NO)
LC control number UR-11795
020 ## - INTERNATIONAL STANDARD BOOK NUMBER
International Standard Book Number 9789393785374
Terms of availability 200.00
035 ## - SYSTEM CONTROL NUMBER
System control number U-10350
037 ## - SOURCE OF ACQUISITION
Source of stock number/acquisition DBAD/PUB
Stock number -
082 ## - DEWEY DECIMAL CLASSIFICATION NUMBER
Classification number 270
100 ## - MAIN ENTRY--PERSONAL NAME
Personal name نقوی ، شمعون رضا
245 ## - TITLE STATEMENT
Title علم و فن /
Statement of responsibility, etc شمعون رضا نقوی
Medium ا ر د و
246 ## - VARYING FORM OF TITLE
Title proper/short title Ilm-o-Fan (knowledge & art) /
Remainder of title by Shamoon Raza Naqvi
260 ## - PUBLICATION, DISTRIBUTION, ETC. (IMPRINT)
Place of publication, distribution, etc New Delhi
Name of publisher, distributor, etc Educational Publishing House
Date of publication, distribution, etc 2021 ء
270 ## - ADDRESS
Address H.o. D1/16, Ansari Road, Darya Ganj
City New Delhi
Postal code 110002
300 ## - PHYSICAL DESCRIPTION
Extent 104 ص
Dimensions 23cm(Hb)
942 ## - ADDED ENTRY ELEMENTS (KOHA)
Source of classification or shelving scheme Dewey Decimal Classification
Item type Urdu Bks
Call number suffix ن ق و
Classification part 270
Holdings
Withdrawn status Lost status Not for loan Collection code Home library Current library Date acquired Source of acquisition Cost, normal purchase price Full call number Barcode Copy number Cost, replacement price Koha item type
      Non-fiction Central Library Central Library 13/12/2022 DBAD/PUB 200.00 270 ن ق و U-10350 1 200.00 Urdu Bks

© Delhi Public Library
Hit Counter
free hit counter